000 00813nam a2200229 i 4500
001 bg
245 0 0 _aZatoka Pucka :
_bmożliwości rewaloryzacji /
_cpod red. Lidii Kruk-Dowgiałło i Paulina Ciszewskiego ; Instytut Ochrony Środowiska.
260 _aWarszawa :
_bIOŚ,
_c1994.
300 _a207, [1] s., [8] s. fot. (w tym kolor.), [2] k. tabl. złoż. :
_bmapy, rys., wykr. ;
_c24 cm.
504 _aBibliogr., summ. przy pracach.
651 9 _aPucka, Zatoka
_xfauna i flora
_xbadanie
651 9 _aPucka, Zatoka
_xhigiena i ochrona
700 1 _aKRUK-DOWGIAŁŁO, Lidia.
_eRed.
700 1 _aCISZEWSKI, Paulin.
_eRed.
020 _a8385805176
040 _cBPK
041 0 _apl
_ben
080 _a551.468:504](438)
920 _a83-85805-17-6
942 _cKS
008 s pl f |000 0 pol
999 _c32248
_d32248
856 _uhttp://koha.tu.koszalin.pl/cgi-bin/koha/opac-detail.pl?biblionumber=32248
_yKatalog online BPK